| 000 | 00762ata a2200289 4500 | ||
|---|---|---|---|
| 005 | 20231115061153.0 | ||
| 008 | 150521b xxu||||| |||| 00| 0 spa d | ||
| 041 | _aspa | ||
| 082 | _a005.262 R758l | ||
| 100 |
_aRoman, Steven _931509 |
||
| 245 | _aEl lenguaje VB.Net | ||
| 260 | _aEspaña | ||
| 260 | _bANAYA | ||
| 260 | _c2002 | ||
| 300 | _a768 páginas | ||
| 650 |
_aLENGUAJES DE PROGRAMACIÓN _9372 |
||
| 650 |
_aVISUAL BASIC _910628 |
||
| 650 |
_aVB.NET _931510 |
||
| 650 |
_aPROGRAMACIÓN ORIENTADA A OBJETOS _9377 |
||
| 650 |
_aINTERFACES _95533 |
||
| 650 |
_aBIBLIOTECA DE CLASES _931511 |
||
| 650 |
_aREFERENCIA DEL LENGUAJE _931512 |
||
| 650 |
_aOPERADORES _9376 |
||
| 650 |
_aCOMANDOS _931513 |
||
| 650 | 0 |
_aFUNCIONES _978354 |
|
| 942 | _cBK | ||
| 999 |
_c5918 _d5918 |
||